| 000 | 00528nam a2200169Ia 4500 | ||
|---|---|---|---|
| 008 | 220216s9999 xx 000 0 und d | ||
| 100 | _aAbraham P D | ||
| 245 | 4 | _aThe influence of formulation on yield response and bark damage following the application of yield stimulants above the tapping cut | |
| 260 |
_bJournal of the Rubber Research Institute of Malaya _c1964 |
||
| 300 | _a211-225 | ||
| 650 | _aBark damage | ||
| 650 | _aRubber | ||
| 650 | _aTapping cut | ||
| 650 | _aYield | ||
| 700 | _aBoatman S G | ||
| 942 | _cJS | ||
| 999 |
_c70785 _d70785 |
||